000 00704nam a2200253Ia 4500
003 OSt
005 20220918164926.0
006 a|||||r|||| 00| 0
007 ta
008 220917b |||||||| |||| 00| 0 eng d
020 _a0816187711
024 _a222,762
037 _cTextual
040 _aARTS
_cARTS
_beng
041 _2eng
_aeng
082 _aO111,3M12,BH:g, M9
100 _aGilbert Elliot L.
_921750
245 0 _aCritical essays on Charles Dickens's bleak house
260 _aBoston
_bG.K.Hall & co.
_c1989
300 _avii, 197p
_ccm.
650 _aENGLISH LITERATURE
942 _hO111,3M12,BH:g, M9
_cTEXL
_2CC
999 _c127474
_d127474